000 00831nam a2200253 i 4500
003 DO-SdBNP
005 20240830111406.0
007 ta
008 240830b2011 dr abc|| |||| 00| 0 spa d
020 _a9789945452150
040 _aDO-SdBNP
_bspa
_cBNPHU
_erda
082 2 _222
100 1 _aCruz Sánchez, Filiberto,
_4aut.
_913112
_eautor
245 1 0 _aHistoria moderna dominicana :
_b(desde los inicios del Siglo XIX hasta el presente)
_cFiliberto Cruz Sánchez
250 _acuarta edición
264 _aSanto Domingo :
_bEditora El Nuevo Diario,
_c2011
300 _a239 páginas :
_bilstraciones, mapas i retratos ;
_c27 cm.
336 _atexto
_btxt
_2rdacontent
337 _asin mediación
_bn
_2rdamedia
338 _avolumen
_bnc
_2rdacarrier
590 _aInventariado, 2024/
910 _aBtavárez
942 _2ddc
_cLBS1
999 _c57591
_d57591